Normal view
MARC view
Entry Personal Name
001 - CONTROL NUMBER
- control field: 86398
003 - CONTROL NUMBER IDENTIFIER
- control field: dpl
005 - DATE AND TIME OF LATEST TRANSACTION
- control field: 20260114154319.0
008 - FIXED-LENGTH DATA ELEMENTS
- fixed length control field: 260114|| aca||aabn | a|a d
040 ## - CATALOGING SOURCE
- Original cataloging agency: dpl
- Transcribing agency: dpl
100 ## - HEADING--PERSONAL NAME
- Personal name: Gorky, Maxim
670 ## - SOURCE DATA FOUND
- Source citation: Work cat.: (dpl)214147: Gorky, Maxim , Twenty-Six And One and Other Stories/, 2022
